000 00316nam a22001457a 4500
008 230901b ||||| |||| 00| 0 eng d
020 _a0804715696
041 _aeng
080 _a521
082 _a521DAL
100 _a19
101 _aASTRO
245 _aTHE AGE OF THE EARTH
_cDALRYMPLE .B.G
942 _2udc
_cBK
999 _c60245
_d60245